Search Results
Showing Item 7 of 185
Understanding social enterprise : theory & practice
Available copies
- 5 of 5 copies available at Headquarters.
Current holds
0 current holds with 5 total copies.
| Location | Call Number / Copy Notes | Barcode | Shelving Location | Status | Due Date |
|---|---|---|---|---|---|
| Accra Central Library | 201 658/RID | 000002060705 | 600 - Technology-How things are made, Human Body, Health & Disease, Pets, Farms, Cars, Cooking - LEND | Available | - |
| Accra Central Library | 201 658/RID | 000002060712 | 600 - Technology-How things are made, Human Body, Health & Disease, Pets, Farms, Cars, Cooking - REF | Available | - |
| Dansoman Library | 201 658/RID | 000002060736 | 600 - Technology-How things are made, Human Body, Health & Disease, Pets, Farms, Cars, Cooking | Available | - |
| Tema Library | 201 658/RID | 000002060743 | 600 - Technology-How things are made, Human Body, Health & Disease, Pets, Farms, Cars, Cooking | Available | - |
| The George Padmore Research Library | 201 658/RID | 000002060729 | 600 - Technology-How things are made, Human Body, Health & Disease, Pets, Farms, Cars, Cooking | Available | - |
Record details
- ISBN: 9781446295533
- Physical Description: Paperback
- Edition: Second Edition
- Publisher: London Sage Publications Ltd 2015
Search for related items by subject
| Subject: | Social entrepreneurship |
| LDR | 00620cam a2200205Ka 4500 | ||
|---|---|---|---|
| 001 | 83217 | ||
| 003 | HQ | ||
| 005 | 20211018094335.0 | ||
| 008 | 070101s xxk era 0 eng d | ||
| 020 | . | ‡a9781446295533 | |
| 037 | . | ‡aBook Aid | |
| 082 | . | ‡a658/RID | |
| 100 | . | ‡a Rory Ridley-Duff , Mike Bull | |
| 245 | . | ‡aUnderstanding social enterprise : theory & practice | |
| 250 | . | ‡aSecond Edition | |
| 260 | . | ‡aLondon ‡bSage Publications Ltd ‡c2015 | |
| 300 | . | ‡aPaperback | |
| 650 | . | ‡aSocial entrepreneurship | |
| 901 | . | ‡a83217 ‡bAUTOGEN ‡c83217 ‡tbiblio | |
Search Results
Showing Item 7 of 185

Add to basket
Permalink
Disable Highlighting